KUPČOK S. PRÍSPEVOK K POZNANIU FLÓRY OKOLIA BANSKEJ ŠTIAVNICE A PUKANCA.

Podrobná bibliografia
Hlavný autor: Hlavaček, Aladár, 1906-1999 (Autor)
Médium: Článok
Jazyk:slovenčina

MARC

LEADER 00000nab a2200000uu 4500
001 vtls011439408
003 SK-MaSNL
005 20260303123139.0
008 230213|1958 xo |||||||||||||||||slo|
015 |a SNBRB 
035 |a (urnnbn)urn:nbn:sk:snk:ar-002wxf 
035 |a (uuid)3ba3df8d-7a13-4e87-8592-8f5ae74a1cec 
035 |a urn:nbn:sk:snk-abce47 
040 |a SNKBUCL  |b slo  |c SNKBUCL  |e AACR2 
041 0 |a slo 
044 |a xo  |c SK 
100 1 |a Hlavaček, Aladár,  |d 1906-1999  |4 aut  |9 56645 
245 1 0 |a KUPČOK S. PRÍSPEVOK K POZNANIU FLÓRY OKOLIA BANSKEJ ŠTIAVNICE A PUKANCA.  |c Aladár Hlavaček 
773 0 |t Biológia : časopis Slovenskej akadémie vied  |g Roč. 13, č. 3 (1958), s. 239-240 
954 |a odborná, vedecká literatúra pôvodná (slovenská)  |2 lita 
958 |a OND 
958 |a EUIPO 
958 |a article16 
999 |c 1923673  |d 1925603